000 00579cam a2200145 4500500
005 20260201151218.0
041 _afre
042 _adc
100 1 0 _aReichler, Claude
_eauthor
245 0 0 _aMary Baine Campbell, Wonder and Science. Imagining Worlds in Early Modern Europe, Ithaca & London, Cornell University Press, 1999, xiii + 366 p., index, bibl., ill
260 _c2001.
500 _a10
786 0 _nL'Homme | 158-159 | 2 | 2001-09-01 | p. 383z-488z | 0439-4216
856 4 1 _uhttps://shs.cairn.info/revue-l-homme-2001-2-page-383z?lang=fr&redirect-ssocas=7080
999 _c1643053
_d1643053